| 000 | 00000nam##2200000za#4500 |
| 001 | 9.601935 |
| 003 | CaOODSP |
| 005 | 20210624210320 |
| 007 | cr ||||||||||| |
| 008 | 150406|1998||||xxc|||||o f|0| 0 fre|d |
| 040 | |aCaOODSP|bfre |
| 043 | |an-cn--- |
| 086 | 1 |aTU3-5/98-32F-PDF |
| 110 | 2 |aBureau de la sécurité des transports du Canada. |
| 245 | 10|aDécrochage et collision avec des arbres au décollage, Piper PA 28-151 C-GDVL, Espanola West (Ontario), le 27 juillet 1998 |h[ressource électronique] |
| 260 | |aGatineau - Québec : |bBureau de la sécurité des transports du Canada |c[1999]. |
| 300 | |a8p.|bphotographies |
| 490 | 1 |aRapport d'enquête aéronautique |vA98O0190 |
| 500 | |a«La publication de ce rapport a été autorisée le 17 novembre 1999 par le Bureau»--p.7 de 8. |
| 590 | |a12-18-Supp|b2012-04-25 |
| 775 | 08|tStall/collision with trees on take-off, Piper PA 28-151 C-GDVL, Espanola West, Ontario, 27 July 1998 |w(CaOODSP)9.571320 |
| 830 | #0|aRapport d'enquête aéronautique ;|vA98O0190|w(CaOODSP)9.501229 |
| 856 | 40|ahttp://publications.gc.ca|qPDF|s308 Ko|uhttps://publications.gc.ca/collections/collection_2011/bst-tsb/TU3-5-98-32-fra.pdf|yA98O0190 |